| 000 | 00343 a2200145 4500 | ||
|---|---|---|---|
| 001 | 151417 | ||
| 040 | _cEscola São Tomás de Aquino | ||
| 100 | _aROCHA, Ruth | ||
| 240 | 1 | 0 |
_aJoãozinho e o pé de feijão _lpor |
| 245 | 1 | 0 | _aJoãozinho e o pé de feijão |
| 362 | 0 | _a1998 | |
| 440 | 1 | _aFTD | |
| 697 | _a*LITERATURA INFANTO | ||
| 942 | _cBK | ||
| 999 |
_c151417 _d151417 |
||